000 00638nam a22001937a 4500
005 20251108172348.0
008 250721s1995 xx 000 0 ara d
082 1 4 _a301.3409565/فضل
100 1 _aالفضل، منذر
245 1 0 _aالنظرية العامة للإلتزامات :
_bدراسة مقارنة بين الفقه الإسلامي .... /
250 _aط3
264 1 _aعمان :
_bمكتبة دار الثقافة للنشر و التوزيع،
_c1995.
300 _a
650 1 7 _aالقانون المدني
650 1 7 _aالعقود
650 1 7 _aالإلتزام
942 _2ddc
_cBK
999 _c77253
_d77253